English 8º básico: texto para estudiante
Uloženo v:
| Hlavní autor: | |
|---|---|
| Médium: | Kniha |
| Jazyk: | španělština |
| Vydáno: |
Santiago
Santillana del Pacífico
2005
|
| Témata: | |
| Tagy: |
Přidat tag
Žádné tagy, Buďte první, kdo vytvoří štítek k tomuto záznamu!
|
MARC
| LEADER | 00000nam a2200000 a 4500 | ||
|---|---|---|---|
| 001 | UCJ0224 | ||
| 003 | CL-VaPUC | ||
| 008 | 060707e20050000CL |||||||||||||||||spa|d | ||
| 020 | |a 9561509687 | ||
| 082 | 0 | 4 | |a 372.6521 |b MON |2 21 |
| 100 | |a Montes Molina, Carmen Cecilia |e autora |9 611963 | ||
| 245 | 1 | 0 | |a English 8º básico: texto para estudiante |
| 300 | |a 104 p | ||
| 942 | |c BK | ||
| 945 | |d 20060707 00:00:00 |a jtorresc | ||
| 260 | |a Santiago |b Santillana del Pacífico |c 2005 | ||
| 650 | 0 | |a Educación lingüística |9 306506 | |
| 650 | 0 | |a Educación básica |9 224933 | |
| 650 | 0 | |a Libros de texto |9 270019 | |
| 583 | |a last modification |c 20170828 10:09:32 |k Rodrigo Vera | ||
| 999 | |c 317150 |d 317148 | ||
| 952 | |0 0 |1 0 |4 0 |6 372_652100000000000_MON_2005 |7 0 |8 P |9 393083 |a BIBEDU |b BIBEDU |d 2019-11-22 |i 4252608 |o 372.6521 MON 2005 |p 4252608 |r 2019-11-22 |w 2019-11-22 |y BK |k EBA | ||
| 952 | |0 0 |1 0 |4 0 |6 372_652100000000000_MON_2005 |7 0 |8 P |9 393084 |a BIBEDU |b BIBEDU |c BIBEDU_PB |d 2019-11-22 |i 4252616 |o 372.6521 MON 2005 |p 4252616 |r 2024-01-25 |w 2019-11-22 |y BK |k EBA | ||
| 952 | |0 0 |1 0 |4 0 |6 372_652100000000000_MON_2005 |7 0 |8 P |9 393085 |a BIBEDU |b BIBEDU |d 2019-11-22 |i 4254694 |o 372.6521 MON 2005 |p 4254694 |r 2019-11-22 |w 2019-11-22 |y BK |k LIT | ||
| 952 | |0 0 |1 0 |4 0 |6 372_652100000000000_MON_2005 |7 0 |8 P |9 393086 |a BIBEDU |b BIBEDU |d 2019-11-22 |i 4254716 |o 372.6521 MON 2005 |p 4254716 |r 2019-11-22 |w 2019-11-22 |y BK |k LIT | ||
| 952 | |0 0 |1 0 |4 0 |6 372_652100000000000_MON_2005 |7 0 |8 P |9 393087 |a BIBEDU |b BIBEDU |c BIBEDU_PB |d 2019-11-22 |i 4254732 |o 372.6521 MON 2005 |p 4254732 |r 2024-01-25 |w 2019-11-22 |y BK |k LIT | ||